Countries of the Afro-Eurasian coast in 1914 - Statistics

General Stats
  • This quiz has been taken 82 times
    70 since last reset
  • The average score is 23 of 89
Answer Stats
Country % Correct
Russia
100%
Japan
90%
China
88%
China
55%
Japan
55%
China
40%
Germany
36%
United Kingdom
33%
France
29%
France
29%
United Kingdom
29%
United Kingdom
29%
United Kingdom
29%
United Kingdom
29%
United Kingdom
29%
China
26%
China
26%
China
26%
China
26%
France
26%
Italy
26%
Ottoman Empire
26%
Ottoman Empire
26%
Ottoman Empire
26%
Persia
26%
Siam
26%
Siam
26%
United Kingdom
26%
Italy
24%
Portugal
24%
Russia
24%
Sweden
24%
Albania
21%
Belgium
21%
Belgium
21%
Bulgaria
21%
Denmark
21%
France
21%
France
21%
France
21%
France
21%
France
21%
France
21%
France
21%
France
21%
France
21%
France
21%
Germany
21%
Germany
21%
Germany
21%
Greece
21%
Italy
21%
Italy
21%
Liberia
21%
Monaco
21%
Montenegro
21%
Netherlands
21%
Netherlands
21%
Norway
21%
Ottoman Empire
21%
Ottoman Empire
21%
Portugal
21%
Portugal
21%
Romania
21%
Russia
21%
Spain
21%
Spain
21%
Spain
21%
Spain
21%
Spain
21%
United Kingdom
21%
United Kingdom
21%
United Kingdom
21%
United Kingdom
21%
United Kingdom
21%
Austria-Hungary
19%
Belgium
19%
France
19%
Germany
19%
Germany
19%
Portugal
19%
Portugal
19%
Portugal
19%
South Africa
19%
Spain
19%
United Kingdom
19%
Germany
14%
Germany
14%
Shanghai
10%
No matching quizzes found
Score Distribution
Percent of People with Each Score
Percentile by Number Answered
Your Score History
You have not taken this quiz since the last reset